000 01538cam a22003854a 4500
999 _c7192
_d7192
001 13887919
003 OSt
005 20210909111803.0
008 050303s2005 enka b 001 0 eng
010 _a 2005045762
015 _aGBA552371
_2bnb
016 7 _a013225569
_2Uk
020 _a0521816459 (hbk.)
020 _a0521016703 (pbk.)
020 _a9780521816458 (hbk.)
020 _a9780521016704 (pbk.)
035 _a(OCoLC)ocm58594908
040 _aDLC
_cDDC
_dBAKER
_dBWKUK
_dUKM
_dNLGGC
_dDLC
042 _apcc
050 0 0 _aHC79.E5
_bC6115 2005
082 0 0 _a577COM2005
100 1 _aCommon,Michael; Stagl,Sigrid;
_914785
245 1 0 _aEcological economics :
_ban introduction /
_cEdited by Common,Michael and Stagl,Sigrid;
260 _aCambridge, UK ;
_aNew York :
_bCambridge University Press,
_c2005.
300 _axxxii,560p;
_bill. ;
_c26 cm.
504 _aIncludes; bibliographical references (p. 540-551) and index.
650 0 _aBiology
_95602
700 1 _aStagl, Sigrid,
_d1968-
_914787
856 4 2 _3Publisher description
_uhttp://www.loc.gov/catdir/enhancements/fy0642/2005045762-d.html
856 4 1 _3Table of contents only
_uhttp://www.loc.gov/catdir/enhancements/fy0642/2005045762-t.html
856 4 2 _3Contributor biographical information
_uhttp://www.loc.gov/catdir/enhancements/fy0732/2005045762-b.html
906 _a7
_bcbc
_corignew
_d1
_eocip
_f20
_gy-gencatlg
942 _2ddc
_cO_SHELF